| 000 | 01270nam2a22002411 4500 | ||
|---|---|---|---|
| 001 | rc\3374143 | ||
| 005 | 20250609222748.0 | ||
| 035 | _a(NLR Aleph) 007531357 | ||
| 090 |
_a7756130 _c7756130 |
||
| 100 | _a20130115d1971 |||y0rusy50 ca | ||
| 101 | 0 | _arus | |
| 102 | _aRU | ||
| 105 | _aa z ||||| | ||
| 200 | 1 | _aЭлектропривод в машиностроении | |
| 210 |
_d1971 _aБ. м. |
||
| 215 |
_a319 с. _cил. _d26 |
||
| 320 | _aБиблиогр. в конце статей | ||
| 461 | 0 |
_1001rc\3374141 _12001#$aАвтоматизированный электропривод в народном хозяйстве$eТруды V Всесоюз. конференции по автоматизир. электроприводу$fПод общ. ред. М.Г. Чиликина [и др.]. Т. 1-$vТ. 2 _97756124 _cМосква _d1971- _fПод общ. ред. М.Г. Чиликина [и др.]. Т. 1- _nЭнергия _oТруды V Всесоюз. конференции по автоматизир. электроприводу _tАвтоматизированный электропривод в народном хозяйстве _vТ. 2 |
|
| 801 | 0 |
_aRU _bNLR _gpsbo |
|
| 801 | 1 |
_aRU _bELAR _2rusmarc |
|
| 852 |
_aNLR _j71-7/102 |
||
| 942 | _cBOOK | ||
| 980 | _aNB | ||